MDQL
is popping MORE tags! Check the
thread
!
Quizzes
Events
Quiz Creation
Community
Videos
Private Events
Remove Ads
Sign In
Join for FREE
Feedback
Dark Mode
Quiz Categories
Sports
Geography
Music
Movies
Television
Just For Fun
Miscellaneous
History
Literature
Language
Science
Gaming
Entertainment
Religion
Holiday
For Kids
Quiz Lab
Recent
Popular Today
Quiz Kudos Today
Editor Picks
Curator Picks
Quizzes by...
Day
Popularity
Type
Ratings
Length
Year
Community
Subscriptions
Recent Discussions
Orange Saloon
Badges
Playlists
Quests
Create
Leaderboards
Showdown
Live 5
Trivia Bingo
Activity
Puzzle Library
Sporcle Events
Private Events
Virtual Trivia
Globe League
Become a Host
Pub Owners
SporcleCon
Opinionation
Our Games
Videos
Blog
Mobile Apps
Partnerships
Remove Ads and Go Orange
Feedback
Miscellaneous
Crossword
General Knowledge
Baby Names
Logo
Food
Cars
Numbers
Grab Bag
University
College
Popular
Company
Slogans
Restaurants
Justice
Letter
Miscellaneous
Crossword
General Knowledge
Baby Names
Logo
Food
Cars
Numbers
Grab Bag
University
College
Popular
Company
Slogans
Restaurants
Justice
Letter
Random Quiz
Search Sporcle
×
Quiz Lab
Quiz Lab
Miscellaneous
Food
Type in answers that appear in a list
Type in answers that appear in a list
Classic
Best Score? Go Orange.
Common Comfort Food Stats
Can you name the common comfort food?
By
mooglemascot
5m
16 Questions
273 Plays
273 Plays
273 Plays
Comments
Comments
Give Quiz Kudos
Give Quiz Kudos
-
- Ratings
hide this ad
Replay
Link that replays current quiz
Next Quiz
Link to next quiz in quiz playlist
You Got
0%
They Got
Avg Score
36%
Avg Friend Score
Upgrade to see
Score Distribution
Jump to the score distribution portion of the page
Score
0/16
Timer
05:00
0
Plays Today
% Correct
ice cream
67%
macaroni and cheese
61.9%
chocolate
61.5%
fried chicken
57.9%
cookies
50.5%
mashed potatoes
46.9%
potato chips
42.9%
chicken soup
41%
% Correct
apple pie
40.3%
candy
32.6%
spaghetti
30.8%
meatloaf
22%
beef stew
16.8%
roast
9.9%
casserole
8.4%
mozzarella sticks
1.1%
Quiz Playlist
Details
Report
Send in Message
Add To Playlist
Classic:
Type in answers that appear in a list
Last Updated: Feb 16, 2017
Quiz Scoreboard
CHALLENGE
Sign Up to Join the Scoreboard
Show All
Scores
Hide
Comments
May contain spoilers
Recently Published
5x2 Blitz: Bands
by SL_Kpop136
Music
30s
Colored Red Africa Blitz
by spor1
Geography
30s
Find the 'City' Movie
by crazypaving
Movies
60s
More to Explore
Quiz From the Vault
Featured Blog Post
14 Easter Pick-up Lines to Find Eggs With
hide this ad
You Might Also Like...
Tags
Food Quiz
common
Today's Top Quizzes in Miscellaneous
Browse Miscellaneous
hide this ad
Today's Top Quizzes in Food
Browse Food
Top Contributed Quizzes in Miscellaneous
1
5-to-1: Fast Food
2
9x9 Crossword: Disney Movie Titles
3
9x9 Crossword: Charlie and the Chocolate Factory
4
9x9 Crossword: Halloween
5
The JOE quick-fire general knowledge quiz: Day 174
6
Picture Click Blitz: Airline Logos
7
9x9 Crossword: 2022 Movies
8
9x9 Crossword: Toy Story
9
9x9 Crossword: The Simpsons
10
random perfect cubes 1-30
Explore More
Trending Topics
Marvel
Harry Potter
Crossword
Kpop
Disney
NBA
Anime
NFL
Puzzle
WWE
Pokémon
Country
Song
The Office
Soccer
hide this ad
More By:
mooglemascot
Quiz
Plays
Rating
Category
Featured
Created
'Tangled' Healing Incantation
35,599
4.52
Movies
May 11, 2011
Ouran Theme Sakura Kiss Lyrics
1,353
2.67
Music
Sep 28, 2011
Vampire Academy Quotes
1,292
4.25
Miscellaneous
May 11, 2011
Eye Colors
883
2.80
Miscellaneous
May 17, 2011
Final Fantasy XIII Name Chain
864
3.67
Gaming
Jun 22, 2011
Go to Creator's Profile
Score Distribution
Quiz Creator Spotlight
mooglemascot
Follow
Send a Message
Quizzes Created
-
Created Quiz Play Count
-
More By This Creator
Popular Quizzes Today
1
5x2 Blitz: Bands
2
Find the 'City' Movie
3
Find the US States - No Outlines Minefield
4
Colored Red Africa Blitz
5
The Countries of the World
6
Find the US States
7
Risky Map Clicking: Biggest States A-Z
8
9x9 Crossword: Cartoon Network
More Miscellaneous Quizzes
I.C. What You Did There
Editor's Pick
Trending Quizzes
Colored Red Africa Blitz II
Colored Red Europe Blitz I
Find the 'Dark' Movie
Find the 'Day' Movie
Find the 'Good' Movie
Recently Updated
Champions League XIs: Real Madrid
pecheneg
Largest US Cities 1790-2010
pecheneg
Rides in Walt Disney World
pecheneg
Most Oscar Losses (Acting)
pecheneg
Beyoncé Albums
pecheneg
Leaping Animals
pecheneg
Reality TV Shows (A-Z)
bhenderson79
Rickey Henderson's Hall of Fame Teammates
pecheneg
Champions League XIs: Arsenal
pecheneg
Quick Pick: Celebrities in WWE's Hall of Fame
aduchscher
Trending Topics
Kpop
Marvel
Harry Potter
NBA
Anime
Disney
Crossword
Song
NFL
WWE
Soccer
Country
Pokémon
Puzzle
The Office
Your Account Isn't Verified!
In order to create a playlist on Sporcle, you need to verify the email address you used during registration. Go to your
Sporcle Settings
to finish the process.
Report this User
Report this user for behavior that violates our
Community Guidelines
.
Details:
Send Report
Go to the Sporcle.com Mobile Site →
Comments